NLSUI OPAC header image

Workplace well-being : (Record no. 114924)

MARC details
000 -LEADER
fixed length control field 00658nam a22002177a 4500
003 - CONTROL NUMBER IDENTIFIER
control field OSt
005 - DATE AND TIME OF LATEST TRANSACTION
control field 20250904195408.0
008 - FIXED-LENGTH DATA ELEMENTS--GENERAL INFORMATION
fixed length control field 190810b2009 ||||| |||| 00| 0 eng
020 ## - INTERNATIONAL STANDARD BOOK NUMBER
International Standard Book Number 8186424008
040 ## - CATALOGING SOURCE
Transcribing agency n
041 ## - LANGUAGE CODE
Language code of text/sound track or separate title English
082 ## - DEWEY DECIMAL CLASSIFICATION NUMBER
Classification number 362.11 MUR
100 ## - MAIN ENTRY--PERSONAL NAME
Personal name Murthy Pratima
245 ## - TITLE STATEMENT
Title Workplace well-being :
Statement of responsibility, etc. Integrating psychosocial issues with health
260 ## - PUBLICATION, DISTRIBUTION, ETC.
Place of publication, distribution, etc. Bangalore
Name of publisher, distributor, etc. N I M H A N S
Date of publication, distribution, etc. 2009
300 ## - PHYSICAL DESCRIPTION
Extent HB
600 ## - SUBJECT ADDED ENTRY--PERSONAL NAME
Personal name Public Health
-- Workplace - Psychology
700 ## - ADDED ENTRY--PERSONAL NAME
Personal name Sankaran Lakshmi
856 ## - ELECTRONIC LOCATION AND ACCESS
Electronic format type https://nimhans.ac.in/cam/sites/default/files/Publications/Workplace_well_being_-_Book__2_.pdf
942 ## - ADDED ENTRY ELEMENTS (KOHA)
Source of classification or shelving scheme Dewey Decimal Classification
Koha item type BOOKs
Holdings
Withdrawn status Lost status Source of classification or shelving scheme Materials specified (bound volume or other part) Damaged status Not for loan Home library Current library Shelving location Date acquired Source of acquisition Total Checkouts Full call number Barcode Date last seen Price effective from Koha item type
    Dewey Decimal Classification PB     . .   10.08.2018 Gratis   362.11 MUR-1 36297 10.08.2019 10.08.2019 BOOKs
    Dewey Decimal Classification PB     . .   10.08.2018 Gratis   362.11 MUR-2 36298 10.08.2019 10.08.2019 BOOKs